000 01064nam0a22002531 4500
001 rc\2969272
005 20260626140534.0
035 _a(NLR Aleph) 007115521
090 _a6810322
_c6810322
100 _a20110906d1938 |||y0rusy50 ca
101 0 _arus
102 _aRU
105 _aa j |||||
200 1 _aУчебник для рядового состава пожарной охраны
_fПод общей ред. бригинж. Д.М. Карельского
_gОдобрен. Глав. упр. пожарной охраны НКВД СССР
210 _aСвердловск
_cБ. и.
_d1938
_gТип. газ.-журн. изд-ва Свердлоблисполкома
215 _a256 с.
_cил.
_d22 см
700 1 _aГолубев
_bС. Г.
_cспециалист пожарного дела
_f1897-1987
_gСергей Гордеевич
_3RU\NLR\AUTH\770295549
702 1 _aКарельский
_bД. М.
_4340
801 0 _aRU
_bNLR
_gpsbo
801 1 _aRU
_bELAR
_2rusmarc
852 _aNLR
_j38-4/1054
942 _cBOOK
980 _aNB